| 000 | 01370cam a2200349 a 4500 | ||
|---|---|---|---|
| 001 | 13873706 | ||
| 003 | OSt | ||
| 005 | 20140310182047.0 | ||
| 008 | 050215s2005 tnuab d 001 0 eng | ||
| 010 | _a 2005004472 | ||
| 020 | _a1418503304 | ||
| 040 |
_aDLC _cDLC _dDLC |
||
| 042 | _apcc | ||
| 050 | 0 | 0 |
_aBS 440 _b.Y6843 2005 |
| 082 | 0 | 0 |
_aHS 220.3 _bY8 2005 |
| 100 | 1 |
_aYoungblood, Ronald F. _911703 |
|
| 245 | 1 | 0 |
_aNelson's student Bible dictionary : _ba complete guide to understanding the world of the Bible / _cRonald F. Youngblood, F.F. Bruce, and R.K. Harrison. |
| 246 | 3 | 0 | _aStudent Bible dictionary |
| 246 | 3 | 0 | _aBible dictionary |
| 260 |
_aNashville, Tenn. : _bThomas Nelson, Inc., _cc2005. |
||
| 300 |
_a275 p. : _bcol. ill. ; _c23 cm. |
||
| 630 | 0 | 0 |
_aBible _vDictionaries. _911704 |
| 700 | 1 |
_aBruce, F. F. _q(Frederick Fyvie), _d1910-1990. _911705 |
|
| 700 | 1 |
_aHarrison, R. K. _q(Roland Kenneth) _911706 |
|
| 710 | 2 |
_aThomas Nelson (Firm) _911707 |
|
| 856 | 4 | 1 |
_3Table of contents only _uhttp://www.loc.gov/catdir/toc/ecip058/2005004472.html |
| 856 | 4 | 2 |
_3Publisher description _uhttp://www.loc.gov/catdir/enhancements/fy0621/2005004472-d.html |
| 906 |
_a7 _bcbc _corignew _d1 _eecip _f20 _gy-gencatlg |
||
| 942 |
_2lcc _cHS |
||
| 999 |
_c8892 _d8892 |
||